000 00416nam a22001817a 4500
999 _c10619
_d10619
003 OSt
008 210408b ||||| |||| 00| 0 eng d
020 _a9789332557185
082 _a658.8 KOM
100 _aKOTLER,Philip
245 _aMarketing Management
250 _a15th ed
260 _aNew Delhi
_bPearson
_c2020
300 _aMISC
650 _aB.Com
700 _aKILLER,Kevin Lane
942 _2ddc
_cBK
_01